| 000 | 00785nam a22002057a 4500 | ||
|---|---|---|---|
| 999 |
_c1592 _d1592 |
||
| 003 | AR-CdUCM | ||
| 008 | 190227b ||||| |||| 00| 0 spa d | ||
| 040 |
_aMUNICIPALIDAD PROVINCIAL DEL CUSCO _cBIBLIOTECA MUNICIPAL DEL CUSCO |
||
| 082 |
_a331.83 / _bC77 |
||
| 100 |
_aCornejo Ramirez, Enrique _95977 |
||
| 245 | _aLa obra silenciosa / | ||
| 260 |
_aPerú : _bBanvip , _c1990 |
||
| 300 |
_a196 páginas ; _c20 cm. |
||
| 505 | _aLa acción descentralizada y social del Banco de la vivienda en el Perú -- Porque la obra silenciosa ? -- Una política habitacional para los más pobres -- Los banqueros sin corbata... | ||
| 650 |
_aBanqueros. _95978 |
||
| 650 |
_aBanco de vivienda _95979 |
||
| 650 |
_aPolítica habitacional. _95980 |
||
| 942 |
_2ddc _cLIBROS |
||
| 945 |
_awfj _d2019-02-27 |
||